[Event "AUTO-ADV-1507"]
[Site "http://www.queenalice.com/game.php?id=668096"]
[Date "2009.10.16"]
[Round "1"]
[White "vult0"]
[Black "Teutonik"]
[Result "1-0"]
[WhiteElo "1735"]
[BlackElo "1670"]

1. e4 e6 2. d4 d5 3. e5 c5 4. Nf3 f6 5. Be2 cxd4 6. exf6 Nxf6 7. Nxd4 Bc5 8. Nc3
O-O 9. Bg5 h6 10. Bh4 Qd6 11. Bg3 Qe7 12. O-O Bb6 13. Bd3 Bc7 14. Bxc7 Qxc7 15.
h3 e5 16. Nf5 e4 17. Nxd5 Nxd5 18. Bxe4 Nf6 19. Bd3 Rd8 20. Qf3 Bxf5 21. Bxf5
Nc6 22. c3 Ne7 23. Be6+ Kh8 24. b4 b6 25. a4 Ned5 26. Rac1 Qd6 27. Bxd5 Qxd5 28.
Qe3 Re8 29. Qd4 Rad8 30. Qf4 Qb3 31. Kh1 Qxa4 32. Ra1 Qb3 33. Qg3 Ra8 34. Rfd1
Rec8 35. Rac1 Ne4 36. Qf3 Nf6 37. Rd3 Qa4 38. Re1 Re8 39. Rxe8+ Rxe8 40. Qb7 Qa3
41. Rg3 Qc1+ 42. Kh2 g5 43. h4 Ne4 44. Re3 Qc2 45. f3 g4 46. fxe4 Rg8 47. e5 Qc1
48. Rd3 Qe1 49. Qe7 Qxh4+ 50. Qxh4 1-0

[Event "AUTO-OPEN-1725"]
[Site "http://www.queenalice.com/game.php?id=668164"]
[Date "2009.10.16"]
[Round "1"]
[White "chessfourme"]
[Black "Teutonik"]
[Result "1/2-1/2"]
[WhiteElo "1866"]
[BlackElo "1725"]

1. Nf3 d6 2. d4 Nf6 3. Bg5 e6 4. e4 Be7 5. Bd3 O-O 6. Nbd2 h6 7. Bh4 Nfd7 8. Bg3
Bf6 9. O-O e5 10. dxe5 dxe5 11. Nc4 Nc6 12. Re1 b6 13. a3 a6 14. Ne3 Nd4 15. Nd5
c5 16. c3 Nxf3+ 17. Qxf3 Bb7 18. Nxf6+ Nxf6 19. Bxe5 Re8 20. Bxf6 Qxf6 21. Qxf6
gxf6 22. f3 Re7 23. Rad1 b5 24. Bc2 Rae8 25. Rd6 Kg7 26. Red1 Kg6 27. e5+ Kg5
28. Rxf6 Rxe5 29. f4+ Kxf6 30. fxe5+ Kg5 31. Re1 Rd8 32. Re2 Kf4 33. e6 fxe6 34.
g3+ Kf3 35. Rxe6 Rd2 36. Rf6+ Kg4 37. Rf4+ Kh5 38. Rf2 Rxf2 39. Kxf2 Kg5 40. h4+
Kg4 41. Bd1+ Kh3 42. Bf3 Bc8 43. b3 Bd7 44. c4 a5 45. Bg2+ Kg4 46. Bd5 b4
1/2-1/2

[Event "AUTO-OPEN-1725"]
[Site "http://www.queenalice.com/game.php?id=668165"]
[Date "2009.10.16"]
[Round "1"]
[White "Teutonik"]
[Black "chessfourme"]
[Result "1-0"]
[WhiteElo "1655"]
[BlackElo "1625"]

1. e4 c5 2. Nf3 a6 3. d4 cxd4 4. Nxd4 d6 5. Nc3 Nf6 6. Bd3 e5 7. Nf3 Be7 8. O-O
Bg4 9. h3 Be6 10. Re1 O-O 11. b3 Nc6 12. Be3 Qa5 13. Bd2 Qc7 14. a3 b5 15. Ne2
Rac8 16. Nc3 Rfd8 17. Bg5 d5 18. Bxf6 Bxf6 19. exd5 Bxd5 20. Nxd5 1-0

[Event "AUTO-OPEN-1725"]
[Site "http://www.queenalice.com/game.php?id=668188"]
[Date "2009.10.16"]
[Round "1"]
[White "Teutonik"]
[Black "SubRoger"]
[Result "0-1"]
[WhiteElo "1670"]
[BlackElo "1979"]

1. e4 d5 2. exd5 Qxd5 3. Nc3 Qd8 4. Nf3 Nf6 5. d4 Bg4 6. Be2 e6 7. O-O Be7 8.
Ne5 Bxe2 9. Qxe2 a6 10. Re1 O-O 11. Ng4 Nbd7 12. Bg5 h6 13. Bxf6 Nxf6 14. Nxf6+
Bxf6 15. Rad1 Qe7 16. Ne4 Rfd8 17. Nxf6+ Qxf6 18. c3 Rd5 19. Qc4 Qe7 20. a3 Rad8
21. Qb3 c6 22. h3 Rb5 23. Qc2 Qf6 24. a4 Rg5 25. h4 Rg6 26. h5 Rg5 27. Qe2 Rdd5
28. f3 Rxh5 29. g4 Rhg5 30. Qc2 Qxf3 31. Rf1 Rxg4+ 0-1

[Event "AUTO-OPEN-1725"]
[Site "http://www.queenalice.com/game.php?id=668189"]
[Date "2009.10.16"]
[Round "1"]
[White "SubRoger"]
[Black "Teutonik"]
[Result "1-0"]
[WhiteElo "1958"]
[BlackElo "1659"]

1. d4 e6 2. e4 d5 3. e5 c5 4. c3 f6 5. f4 a6 6. Nf3 f5 7. Ng5 g6 8. Be3 Nd7 9.
Nxe6 Qe7 10. Nc7+ Kd8 11. Nxa8 b5 12. dxc5 Bb7 13. Nb6 Nxc5 14. Be2 Ne4 15. O-O
Nh6 16. Nxd5 Bxd5 17. Qxd5+ Ke8 18. Nd2 Nxd2 19. Qxd2 Kf7 20. a4 bxa4 21. Rxa4
Kg7 22. Rxa6 Kg8 23. Bc4+ Kg7 24. Ra7 Qxa7 25. Bxa7 Ng8 26. Rd1 Ne7 27. e6 Kh6
28. Qf2 1-0

[Event "AUTO-OPEN-1726"]
[Site "http://www.queenalice.com/game.php?id=668630"]
[Date "2009.10.17"]
[Round "1"]
[White "Teutonik"]
[Black "Armandu"]
[Result "0-1"]
[WhiteElo "1664"]
[BlackElo "2138"]

1. e4 c6 2. d4 d5 3. e5 Bf5 4. Nc3 e6 5. Bf4 Bb4 6. Nf3 Ne7 7. Bd3 O-O 8. a3
Bxc3+ 9. bxc3 Nd7 10. O-O c5 11. Bxf5 Nxf5 12. Bg5 f6 13. Bf4 cxd4 14. cxd4 g5
15. Bd2 g4 16. Ne1 h5 17. Nd3 Nxd4 18. Bc3 Nb5 19. Bb4 Rf7 20. exf6 Qxf6 21. Qc1
Rc8 22. Qb2 Qxb2 23. Nxb2 Rxc2 24. Nd3 Nd4 25. Rfe1 a5 26. Bd6 Rc6 27. Be5 Nc2
28. Rac1 Nxe1 29. Rxe1 Rc2 30. Bg3 Rc3 31. Ne5 Nxe5 32. Bxe5 Rxa3 33. Bd6 Ra2
34. Bc5 Rc7 35. Bd4 Rc4 36. Bb6 a4 37. g3 Rb2 38. Rxe6 a3 39. Re8+ Kf7 40. Re1
a2 41. Kg2 Rb1 0-1

[Event "AUTO-OPEN-1726"]
[Site "http://www.queenalice.com/game.php?id=668651"]
[Date "2009.10.17"]
[Round "1"]
[White "Teutonik"]
[Black "whyBish"]
[Result "0-1"]
[WhiteElo "1664"]
[BlackElo "2064"]

1. e4 c5 2. Nf3 g6 3. Bc4 Nc6 4. c3 Bg7 5. O-O d6 6. Re1 e6 7. d4 cxd4 8. cxd4
Nge7 9. e5 dxe5 10. dxe5 Qxd1 11. Rxd1 Nxe5 12. Nxe5 Bxe5 13. Nc3 Bxc3 14. bxc3
Bd7 15. Ba3 Rc8 16. Bxe7 Kxe7 17. Rd4 b5 18. Bb3 Rxc3 19. Rad1 Bc6 20. f3 Rc8
21. h3 Rc7 22. Rh4 h5 23. Rhd4 Rd7 24. Rxd7+ Bxd7 25. Kh2 a5 26. Rb1 Bc6 27. Kg3
a4 28. Bd1 Rc5 29. Bxa4 bxa4 30. a3 Rc3 0-1

[Event "AUTO-OPEN-1726"]
[Site "http://www.queenalice.com/game.php?id=668652"]
[Date "2009.10.17"]
[Round "1"]
[White "whyBish"]
[Black "Teutonik"]
[Result "1-0"]
[WhiteElo "2059"]
[BlackElo "1703"]

1. e4 e6 2. d4 d5 3. Nd2 c5 4. Ngf3 Nc6 5. exd5 exd5 6. Be2 cxd4 7. Nb3 Bb4+ 8.
Bd2 Bxd2+ 9. Qxd2 Nf6 10. Nbxd4 O-O 11. O-O-O Re8 12. Bb5 Bd7 13. Rhe1 Rxe1 14.
Rxe1 Nxd4 15. Nxd4 Bxb5 16. Nxb5 a6 17. Nc3 b5 18. Rd1 b4 19. Nxd5 Nxd5 20. Qxd5
Qb8 21. Rd2 h6 22. f4 Qe8 23. Qf3 Rc8 24. Re2 Qd7 25. g3 Qa7 26. Qf2 Qc7 27. Re4
a5 28. Qe2 Kh7 29. Re7 Qc5 30. Qe4+ Kg8 31. Re8+ Rxe8 32. Qxe8+ Kh7 33. Qe4+ g6
34. Qh1 a4 35. Qe1 b3 36. axb3 axb3 37. c3 Qc4 38. Qf2 Kg8 39. Kd1 Qd3+ 40. Kc1
Qe4 41. Kd2 Qc2+ 42. Ke3 Qc1+ 43. Kd4 Qd1+ 44. Kc4 Kh7 45. Kb4 h5 46. h4 Kh6 47.
Qe3 Kh7 48. c4 Kg7 49. Qc3+ Kh7 50. c5 Qd5 51. c6 Qd6+ 52. Kxb3 Qd1+ 53. Kb4
Qd6+ 54. Kb5 Qb8+ 55. Kc5 Qf8+ 56. Kc4 Qd6 57. Kb3 Qd5+ 58. Ka4 Qe4+ 59. b4 f5
60. c7 Qa8+ 61. Kb3 Qd5+ 62. Ka4 Qa8+ 63. Kb5 Qb7+ 64. Ka5 Qa7+ 65. Kb5 Qb7+ 66.
Ka4 Qa8+ 67. Kb3 Qd5+ 68. Kb2 Qg2+ 69. Qc2 Qxc2+ 70. Kxc2 Kg8 71. c8=Q+ Kg7 72.
b5 1-0

[Event "AUTO-ADV-1490"]
[Site "http://www.queenalice.com/game.php?id=701487"]
[Date "2009.12.21"]
[Round "2"]
[White "Teutonik"]
[Black "paulogaspar"]
[Result "0-1"]
[WhiteElo "1680"]
[BlackElo "2086"]

1. e4 e5 2. b3 Nf6 3. d3 Nc6 4. Bb2 d5 5. Nd2 d4 6. Ngf3 Be7 7. Be2 O-O 8. O-O
a6 9. c4 Bg4 10. h3 Be6 11. a3 Qd7 12. b4 Nh5 13. Bc1 Nf4 14. c5 Nxg2 15. Kxg2
Bxh3+ 16. Kg1 Qg4+ 0-1

[Event "AUTO-ADV-1490"]
[Site "http://www.queenalice.com/game.php?id=701488"]
[Date "2009.12.21"]
[Round "2"]
[White "paulogaspar"]
[Black "Teutonik"]
[Result "1-0"]
[WhiteElo "2147"]
[BlackElo "1722"]

1. e4 e6 2. e5 d5 3. d4 c5 4. Nf3 Nc6 5. Bb5 Bd7 6. O-O a6 7. Bxc6 bxc6 8. Nc3
cxd4 9. Qxd4 c5 10. Qf4 f6 11. Re1 Be7 12. exf6 Nxf6 13. Ne5 O-O 14. Nxd7 Qxd7
15. Qe5 d4 16. Qxe6+ Qxe6 17. Rxe6 dxc3 18. Rxe7 cxb2 19. Bxb2 h6 20. f3 Rae8
21. Rae1 Rxe7 22. Rxe7 Rb8 23. Bxf6 gxf6 24. Re6 a5 25. Rxf6 Kg7 26. Rc6 Rb2 27.
Rxc5 Rxa2 28. g4 a4 29. h4 a3 30. Kg2 Rb2 31. Kg3 a2 32. Rc7+ Kg6 33. h5+ Kf6
34. Rc6+ Kg7 35. Ra6 Rxc2 36. f4 Kf7 37. Kh4 Ke7 38. g5 Rh2+ 39. Kg4 Rg2+ 40.
Kf5 hxg5 41. fxg5 Kf7 42. Ra7+ Kf8 43. h6 Kg8 44. h7+ Kh8 45. Kg6 1-0

[Event "AUTO-ADV-1490"]
[Site "http://www.queenalice.com/game.php?id=701489"]
[Date "2009.12.21"]
[Round "2"]
[White "Teutonik"]
[Black "axelsun"]
[Result "0-1"]
[WhiteElo "1732"]
[BlackElo "1949"]

1. e4 e5 2. b3 Nf6 3. Nc3 d5 4. exd5 Nxd5 5. Nxd5 Qxd5 6. Nf3 Bg4 7. Be2 Nc6 8.
O-O Bc5 9. Bb2 O-O 10. c4 Qe6 11. Re1 Rad8 12. d4 Bxf3 13. Bxf3 Bxd4 14. Bxd4
Nxd4 15. Re4 Rd6 16. h3 Rfd8 17. Qd3 f5 18. Ree1 e4 19. Bxe4 fxe4 20. Rxe4 Qf6
21. Rae1 Re6 22. Rxe6 Nxe6 23. Qe4 Nc5 24. Qe3 b6 25. b4 Nd3 26. Rd1 Nxb4 27.
Rxd8+ Qxd8 28. Qb3 Nc6 29. c5+ Kh8 30. cxb6 cxb6 31. Qa4 Qc8 32. Qc2 Qb7 33. Qe4
h6 34. a3 b5 35. Qe3 b4 36. axb4 Nxb4 37. Qe8+ Kh7 38. Qe4+ Qxe4 0-1

[Event "AUTO-ADV-1490"]
[Site "http://www.queenalice.com/game.php?id=701490"]
[Date "2009.12.21"]
[Round "2"]
[White "axelsun"]
[Black "Teutonik"]
[Result "1-0"]
[WhiteElo "1865"]
[BlackElo "1706"]

1. Nf3 e6 2. d4 d5 3. c4 Nf6 4. Nc3 Bb4 5. Bg5 Bxc3+ 6. bxc3 O-O 7. e3 Nbd7 8.
Bd3 Re8 9. O-O h6 10. Bh4 c6 11. Ne5 Qc7 12. f4 Nxe5 13. fxe5 Nd7 14. Qh5 c5 15.
Qxf7+ 1-0

[Event "AUTO-INT-1476"]
[Site "http://www.queenalice.com/game.php?id=751775"]
[Date "2010.3.26"]
[Round "2"]
[White "Yukontodd"]
[Black "Teutonik"]
[Result "1-0"]
[WhiteElo "1664"]
[BlackElo "1765"]

1. d4 e6 2. c4 d5 3. Nc3 Nf6 4. Bg5 c6 5. Nf3 Be7 6. Bxf6 Bxf6 7. g3 O-O 8. Bg2
Bd7 9. Qd3 b6 10. h4 c5 11. dxc5 Bxc3+ 12. Qxc3 bxc5 13. cxd5 exd5 14. Qc2 Qe7
15. O-O-O Rc8 16. Rxd5 Bg4 17. Ng5 g6 18. Rd4 Nc6 19. Bxc6 Rxc6 20. Rxg4 Rac8
21. Re4 Qf6 22. Nf3 c4 23. Kb1 c3 24. Ng5 Kg7 25. b3 Rd8 26. Rf4 Qe7 27. Rc4
Rxc4 28. bxc4 Qb4+ 29. Qb3 a5 30. Qxb4 axb4 31. Kc2 Rd2+ 32. Kb3 Rb2+ 33. Ka4 c2
34. Rc1 h6 35. c5 Rxa2+ 36. Kxb4 hxg5 37. Kb3 Ra8 38. hxg5 Re8 39. Rxc2 f6 40.
c6 fxg5 41. c7 Rc8 42. Kb4 Kf7 43. Kb5 Ke7 44. Kc6 Rf8 45. Kb7 1-0

[Event "AUTO-INT-1476"]
[Site "http://www.queenalice.com/game.php?id=751776"]
[Date "2010.3.26"]
[Round "2"]
[White "Teutonik"]
[Black "Yukontodd"]
[Result "1-0"]
[WhiteElo "1752"]
[BlackElo "1684"]

1. e4 e5 2. Nf3 Nc6 3. Bb5 a6 4. Ba4 b5 5. Bb3 h6 6. Nc3 Nf6 7. d3 Bb4 8. Bd2
O-O 9. O-O d6 10. a3 Bxc3 11. Bxc3 d5 12. exd5 Nd4 13. Nxd4 exd4 14. Bxd4 Nxd5
15. Bxd5 Qxd5 16. Be3 g5 17. b4 f5 18. f3 Bb7 19. Rc1 f4 20. c4 bxc4 21. dxc4
Qxd1 22. Rcxd1 fxe3 23. Rfe1 Rfe8 24. Rd7 Rac8 25. Rd3 Kf7 26. Rdxe3 Rxe3 27.
Rxe3 c5 28. Rd3 Ke6 29. h3 cxb4 30. axb4 Rxc4 31. Rb3 Bc6 32. Kh2 a5 33. bxa5
Ra4 34. Rb6 Kd7 35. Ra6 Bb7 36. Ra7 Kc8 37. a6 Kb8 38. Rxb7+ Ka8 39. Rb6 Rh4 40.
g3 Ra4 41. Rxh6 Ra3 42. Kg2 Ka7 43. f4 gxf4 44. gxf4 Rd3 45. f5 Rd8 46. Kf3 1-0

[Event "AUTO-INT-1476"]
[Site "http://www.queenalice.com/game.php?id=751779"]
[Date "2010.3.26"]
[Round "2"]
[White "Teutonik"]
[Black "Michihall"]
[Result "1/2-1/2"]
[WhiteElo "1759"]
[BlackElo "1914"]

1. e4 e5 2. Nf3 Nc6 3. c3 Bc5 4. d4 exd4 5. cxd4 Bb4+ 6. Nc3 Nf6 7. Bd3 O-O 8.
O-O d6 9. a3 Bxc3 10. bxc3 Bg4 11. h3 Bh5 12. d5 Bxf3 13. Qxf3 Ne5 14. Qe2 h6
15. Bf4 Nxd3 16. Qxd3 Re8 17. f3 a6 18. c4 Qd7 19. Rac1 b5 20. c5 dxc5 21. Rxc5
Rec8 22. Rfc1 Ne8 23. e5 Rab8 24. d6 cxd6 25. Rxc8 Rxc8 26. Rxc8 Qxc8 27. exd6
Qd7 28. Qd5 Nf6 29. Qa8+ Ne8 30. Qxa6 g5 31. Bg3 f5 32. Be5 Kf7 33. g3 Ke6 34.
f4 gxf4 35. gxf4 Nxd6 36. Bxd6 Qxd6 37. Qxb5 Qxf4 38. Kg2 Qd2+ 39. Kh1 Qe1+ 40.
Kh2 Qf2+ 41. Kh1 Qf3+ 42. Kh2 Qf2+ 43. Kh1 Qf3+ 44. Kh2 Qf2+ 1/2-1/2

[Event "AUTO-INT-1476"]
[Site "http://www.queenalice.com/game.php?id=751780"]
[Date "2010.3.26"]
[Round "2"]
[White "Michihall"]
[Black "Teutonik"]
[Result "1/2-1/2"]
[WhiteElo "1910"]
[BlackElo "1745"]

1. d4 e6 2. c4 d5 3. cxd5 exd5 4. Nc3 Nf6 5. Bg5 c6 6. e4 h6 7. Bh4 Be7 8. h3
O-O 9. e5 Nfd7 10. Bxe7 Qxe7 11. Nf3 f6 12. Qe2 fxe5 13. Nxe5 Nxe5 14. dxe5 Re8
15. f4 b5 16. Qd3 Na6 17. a3 Nc5 18. Qg6 d4 19. Ne4 Nb3 20. Rd1 Rf8 21. Nf6+
Rxf6 22. Qg3 Bd7 23. Be2 Re6 24. Rd3 Nc1 25. Rxd4 Nxe2 26. Kxe2 c5 27. Rdd1 a5
28. Rd5 b4 29. Qf3 Rd8 30. Rhd1 Bb5+ 31. Kf2 Rxd5 32. Qxd5 Kh8 33. axb4 axb4 34.
b3 Ra6 35. g3 Ra2+ 36. Rd2 Rxd2+ 37. Qxd2 c4 38. Qd5 Qe8 39. bxc4 Bc6 40. Qc5 b3
41. Qb4 Ba4 42. Ke3 Qc6 43. Qf8+ Kh7 44. Qf5+ Kg8 45. e6 Qg2 46. Qf7+ Kh7 47.
Qf5+ g6 48. Qf7+ Kh8 49. Qf8+ 1/2-1/2